Controlling personalny istota i przedmiot controllingu personalnego

Salvato in:
Dettagli Bibliografici
Autore principale: Sekula, Zofia
Natura: Libro
Lingua:polacco
Pubblicazione: Bydgoszcz Osródka Postepu Organizacyjnego 1999
Serie:Biblioteka menedzera i sluzby pracowniczej Zeszyt 136/99
Soggetti:
Tags: Aggiungi Tag
Nessun Tag, puoi essere il primo ad aggiungerne!!

MARC

LEADER 00000nam a2200000 4500
001 c117662
005 20221221084200.6
020 |a 83-87636-54-1 
041 0 |a pol 
044 |a PL 
245 1 0 |a Controlling personalny  |b istota i przedmiot controllingu personalnego  |c Zofia Sekula 
264 1 |a Bydgoszcz  |b Osródka Postepu Organizacyjnego  |c 1999 
300 |a 318 s. 
490 1 |a Biblioteka menedzera i sluzby pracowniczej  |v Zeszyt 136/99 
830 0 |a Biblioteka menedzera i sluzby pracowniczej  |v Zeszyt 136/99 
610 2 0 |a kontroling 
610 2 0 |a riadenie 
610 2 0 |a kontrola 
610 2 0 |a kontroling strategický 
610 2 0 |a personál 
610 2 0 |a plánovanie personálne 
610 2 0 |a motivácia pracovná 
610 2 0 |a mzdy 
610 2 0 |a výkonnosť 
610 2 0 |a produktivita práce 
610 2 0 |a čas pracovný 
610 2 0 |a náklady 
610 2 0 |a práca 
610 2 0 |a politika personálna 
100 1 |a Sekula, Zofia